مكتبة جامعة عجلون الوطنية

فهرس بحث المكتبة

Normal view MARC view
  • الإبدال والإعلال-دراسة نظرية وتطبيقية في قصيدة البردة

Entry Topical Term

Number of records used in: 1

001 - CONTROL NUMBER

  • control field: 8439

003 - CONTROL NUMBER IDENTIFIER

  • control field: JO-AjAnu

005 - DATE AND TIME OF LATEST TRANSACTION

  • control field: 20230606071648.0

008 - FIXED-LENGTH DATA ELEMENTS

  • fixed length control field: 230606|| aca||aabn | a|a d

040 ## - CATALOGING SOURCE

  • Original cataloging agency: JO-AjAnu
  • Transcribing agency: JO-AjAnu

150 ## - HEADING--TOPICAL TERM

  • Topical term or geographic name entry element: الإبدال والإعلال-دراسة نظرية وتطبيقية في قصيدة البردة

670 ## - SOURCE DATA FOUND

  • Source citation: Work cat.: (JO-AjAnu)4356: اعداد الحمد، منيرة محمود, author 8438, الإبدال والإعلال:دراسه نظرية تطبيقية في قصيدة(البردة) اكعب بن زهير بن أبي سلمى رضي الله عنه